| 000 | 00676nam a22001577a 4500 | ||
|---|---|---|---|
| 003 | OSt | ||
| 005 | 20151026154145.0 | ||
| 008 | 151026b xxu||||| |||| 00| 0 eng d | ||
| 040 | _cRUA | ||
| 082 | _aVMF DON 2003 B112 Or.1 | ||
| 100 |
_92927 _aDUONG SODEN |
||
| 245 | _aCattle raising for draugt power at koh oukgnatey commune ksack kandal district kandal province, (ការចិញ្ចឹមគោជាកំលំាងអូសទាញ នៅឃុំកោះឧកញ៉ាតី ស្រុកខ្សាច់កណ្ដាល ខេត្តកណ្ដាល) | ||
| 260 |
_aPhnom Penh _bRua _c2003 |
||
| 300 |
_aviii; 45p. _bill. _c29cm. |
||
| 942 |
_2ddc _cVTF` |
||
| 999 |
_c2744 _d2744 |
||